000 00495nam a2200193Ia 4500
005 20250326141427.0
008 250326s9999 xx 000 0 und d
020 _a92-2-108551-1
037 _aTextbook
040 _aFMSL
_beng
_cFMSL
041 _aeng
_2eng
084 _aX:95 N2
_qFMSL
100 _aILO
245 0 _aEmployment and labour market intervention
_cILO
260 _aUSA
_bUSA, ILO
_c1992
300 _a126p
942 _cTB
_hX:95 N2
999 _c1290261
_d1290261